00458nam a2200157 4500003000900000005001700009008004100026020002600067040001300093082001600106100001800122245008600140260004600226300001100272700001700283SEACOMEC20240620151319.0240523b |||||||| |||| 00| 0 eng d c390.00a9788121924405 aSEACOMEC a621.3bT398 aThereja, B.L. aA Textbook of electrical technology : Vol- 1 cB.L. Theraja, and A.K. Theraja,  a New Delhi: S. Chand & Company Ltd, c2007 aVol- 1 aTheraja, A.K